[Event "BLR-ch (Women) 62nd"]
[Site "Minsk"]
[Date "2018.01.20"]
[Round "3"]
[White "Revo, Tatiana"]
[Black "Ilyuchyk, Yana"]
[Result "1-0"]
[WhiteElo "2090"]
[BlackElo "2089"]
[PlyCount "88"]
[EventDate "2018.01.18"]
[EventType "tourn"]
[EventRounds "11"]
[EventCountry "BLR"]
[SourceTitle "CBM 182 Extra"]
[Source "ChessBase"]
[SourceDate "2018.02.23"]
[SourceVersion "1"]
[SourceVersionDate "2018.02.23"]
[SourceQuality "1"]

1. e4 c5 2. Nf3 Nc6 3. Bb5 g6 4. Bxc6 dxc6 5. d3 Bg7 6. h3 Nf6 7. Nc3 Nd7 8. Be3 e5 9. Qd2 h6 10. 0-0 b6 11. a4 a5 12. Nh2 Nf8 13. f4 exf4 14. Rxf4 Be6 15. Raf1 g5 16. R4f2 Ng6 17. Ng4 Ne5 18. Nf6+ Bxf6 19. Rxf6 Qd6 20. Ne2 Nd7 21. R6f2 0-0-0 22. Qc3 Kb7 23. b3 Rhg8 24. d4 cxd4 25. Nxd4 g4 26. h4 g3 27. Rd2 Rg4 28. Nf5 Qb4 29. Nd6+ Kc7 30. Nb5+ Kb7 31. Nd6+ Kc7 32. Qxb4 axb4 33. Bf4 c5 34. Nxf7+ Rxf4 35. Rxf4 Rf8 36. Ng5 Re8 37. Nxe6+ Rxe6 38. Rf7 Rd6 39. Rxd6 Kxd6 40. Kf1 Ke6 41. Rh7 Nf8 42. Rxh6+ Ke5 43. Rxb6 Kxe4 44. a5 Kd5 1-0

[Event "EU-chT (Women) 21st"]
[Site "Heraklion"]
[Date "2017.11.05"]
[Round "8.4"]
[White "Revo, Tatiana"]
[Black "Vidic, Teja"]
[Result "0-1"]
[WhiteElo "2097"]
[BlackElo "2159"]
[PlyCount "74"]
[EventDate "2017.10.28"]
[EventType "team-swiss"]
[EventRounds "9"]
[EventCountry "GRE"]
[SourceTitle "CBM 181 Extra"]
[Source "ChessBase"]
[SourceDate "2017.12.12"]
[SourceVersion "1"]
[SourceVersionDate "2017.12.12"]
[SourceQuality "1"]
[WhiteTeam "Belarus (W)"]
[BlackTeam "Slovenia (W)"]
[WhiteTeamCountry "BLR"]
[BlackTeamCountry "SLO"]

1. e4 e5 2. Nf3 Nc6 3. Bb5 a6 4. Ba4 b5 5. Bb3 g6 6. d4 exd4 7. Nxd4 Na5 8. a4 b4 9. Ba2 Bg7 10. c3 c5 11. Bd5 Ra7 12. Nc2 bxc3 13. Nxc3 Ne7 14. Bg5 h6 15. Bh4 0-0 16. 0-0 d6 17. Ne3 Qb6 18. Qd2 Nec6 19. Bxc6 Nxc6 20. Qxd6 Rd7 21. a5 Qxb2 22. Qxc6 Qxc3 23. Nd5 Qe5 24. Rac1 Re8 25. Qxc5 Qxe4 26. Nf6+ Bxf6 27. Bxf6 Bb7 28. f3 Qf4 29. Qc3 Kh7 30. Qb2 Rd2 31. Qxb7 Qxf6 32. Rc6 Ree2 33. Qc7 Rxg2+ 34. Kh1 Rxh2+ 35. Qxh2 Rxh2+ 36. Kxh2 Qxc6 37. Kg3 Qc7+ 0-1

[Event "EU-chT (Women) 21st"]
[Site "Heraklion"]
[Date "2017.10.30"]
[Round "3.3"]
[White "Revo, Tatiana"]
[Black "Fataliyeva, Ulviyya Hasil Qizi"]
[Result "0-1"]
[WhiteElo "2097"]
[BlackElo "2348"]
[PlyCount "96"]
[EventDate "2017.10.28"]
[EventType "team-swiss"]
[EventRounds "9"]
[EventCountry "GRE"]
[SourceTitle "CBM 181 Extra"]
[Source "ChessBase"]
[SourceDate "2017.12.12"]
[SourceVersion "1"]
[SourceVersionDate "2017.12.12"]
[SourceQuality "1"]
[WhiteTeam "Belarus (W)"]
[BlackTeam "Azerbaijan (W)"]
[WhiteTeamCountry "BLR"]
[BlackTeamCountry "AZE"]

1. e4 e6 2. d4 d5 3. Nd2 c5 4. exd5 exd5 5. Ngf3 a6 6. Be2 Nc6 7. dxc5 Bxc5 8. 0-0 Nf6 9. Nb3 Bb6 10. c3 h6 11. Nbd4 0-0 12. h3 Re8 13. Be3 Bc7 14. Qc2 Ne4 15. Rfd1 Qd6 16. c4 Bxh3 17. Bf1 Bg4 18. c5 Nxd4 19. Rxd4 Qg6 20. Nh2 Be6 21. c6 Rac8 22. Qb3 bxc6 23. Bxa6 c5 24. Rxe4 dxe4 25. Qc3 Bh3 26. Bf1 Be5 27. Qa3 Be6 28. Rc1 Qf6 29. Rxc5 Bxb2 30. Qa4 Qe7 31. Qc2 Be5 32. Rxc8 Bxc8 33. g3 Bf5 34. Bg2 Rc8 35. Qa4 Bd6 36. Nf1 h5 37. Qa5 Qe6 38. Qa4 Bg6 39. Qa6 h4 40. Qb7 hxg3 41. Nxg3 Rb8 42. Qa7 Rb1+ 43. Kh2 Qg4 44. Qa8+ Rb8 45. Qd5 Qh4+ 46. Bh3 Bxg3+ 47. fxg3 Rb2+ 48. Bd2 Qh6 0-1

[Event "BLR-chT"]
[Site "Minsk"]
[Date "2017.05.09"]
[Round "2.1"]
[White "Revo, Tatiana"]
[Black "Nikitenko, Mihail"]
[Result "1/2-1/2"]
[WhiteElo "2086"]
[BlackElo "2408"]
[PlyCount "68"]
[EventDate "2017.05.08"]
[EventType "team-swiss"]
[EventRounds "7"]
[EventCountry "BLR"]
[SourceTitle "CBM 178 Extra"]
[Source "ChessBase"]
[SourceDate "2017.06.22"]
[SourceVersion "1"]
[SourceVersionDate "2017.06.22"]
[SourceQuality "1"]
[WhiteTeam "Bossa Nova"]
[BlackTeam "Minsk Grand"]
[WhiteTeamCountry "BLR"]
[BlackTeamCountry "BLR"]

1. e4 e5 2. Nf3 Nc6 3. d4 exd4 4. Nxd4 Bb4+ 5. c3 Bc5 6. Nxc6 bxc6 7. Bd3 d6 8. 0-0 Ne7 9. b4 Bb6 10. Nd2 d5 11. Bb2 a5 12. a3 axb4 13. axb4 Rxa1 14. Bxa1 0-0 15. c4 dxc4 16. Bxc4 Qd6 17. Bc3 Ng6 18. Nb3 Qf4 19. Qd3 Ne5 20. Bxe5 Qxe5 21. Kh1 Qe7 22. Na5 Qxb4 23. Nxc6 Qc5 24. Qd5 Qxd5 25. Bxd5 Re8 26. Rc1 g5 27. f3 Kg7 28. Nb4 f5 29. Bc6 Re5 30. Nd5 fxe4 31. Nxb6 cxb6 32. Bxe4 Rc5 33. Rxc5 bxc5 34. Kg1 h6 1/2-1/2

[Event "BLR-ch (Women)"]
[Site "Minsk"]
[Date "2017.01.18"]
[Round "6"]
[White "Khrapko, Marharyta"]
[Black "Revo, Tatiana"]
[Result "1-0"]
[WhiteElo "2078"]
[BlackElo "2086"]
[PlyCount "93"]
[EventDate "2017.01.13"]
[EventType "tourn"]
[EventRounds "9"]
[EventCountry "BLR"]
[SourceTitle "CBM 176 Extra"]
[Source "ChessBase"]
[SourceDate "2017.03.02"]
[SourceVersion "1"]
[SourceVersionDate "2017.03.02"]
[SourceQuality "1"]

1. e4 c5 2. Nf3 d6 3. d4 cxd4 4. Nxd4 Nf6 5. Nc3 a6 6. h3 e6 7. g4 h6 8. Bg2 Be7 9. Be3 Nc6 10. f4 Nd7 11. 0-0 0-0 12. Kh1 Nxd4 13. Qxd4 e5 14. Qd2 exf4 15. Bxf4 Ne5 16. Nd5 Be6 17. Rad1 Rc8 18. b3 Bxd5 19. exd5 Bg5 20. Bxg5 Qxg5 21. Qxg5 hxg5 22. Be4 Rc3 23. Kg2 Rfc8 24. Bf5 R8c7 25. Rfe1 g6 26. Be4 Nd7 27. Rd4 Nc5 28. Bd3 Nxd3 29. Re8+ Kg7 30. cxd3 Rc2+ 31. Kf3 Rxa2 32. Rd8 Rcc2 33. Rxd6 Rf2+ 34. Kg3 Rg2+ 35. Kf3 Rgf2+ 36. Kg3 f5 37. gxf5 gxf5 38. Rc4 Rg2+ 39. Kf3 Raf2+ 40. Ke3 Re2+ 41. Kd4 Re7 42. Rd8 Rge2 43. d6 Rf7 44. Rc7 Re6 45. Kd5 Ref6 46. d7 f4 47. Rdc8 1-0

[Event "BLR-ch (Women)"]
[Site "Minsk"]
[Date "2017.01.14"]
[Round "2"]
[White "Revo, Tatiana"]
[Black "Dolbieva, Ksenia"]
[Result "1-0"]
[WhiteElo "2086"]
[BlackElo "1803"]
[PlyCount "82"]
[EventDate "2017.01.13"]
[EventType "tourn"]
[EventRounds "9"]
[EventCountry "BLR"]
[SourceTitle "CBM 176 Extra"]
[Source "ChessBase"]
[SourceDate "2017.03.02"]
[SourceVersion "1"]
[SourceVersionDate "2017.03.02"]
[SourceQuality "1"]

1. e4 c5 2. Nf3 e6 3. d4 cxd4 4. Nxd4 Nf6 5. Nc3 d6 6. Be3 Be7 7. f3 a6 8. Qd2 Qc7 9. g4 b5 10. 0-0-0 b4 11. Nce2 Nbd7 12. g5 Nh5 13. Qxb4 Bb7 14. Qc3 Qd8 15. Qd2 Ne5 16. Ng3 Nxg3 17. hxg3 Rc8 18. Kb1 d5 19. Bf4 Nc4 20. Bxc4 Rxc4 21. g6 h6 22. gxf7+ Kxf7 23. Qe2 Qb6 24. exd5 Bxd5 25. Nf5 Ba3 26. b3 Qc6 27. Bd6 Rc3 28. Bxa3 exf5 29. Qe5 Bxf3 30. Bb2 Bxd1 31. Rxd1 Re8 32. Qxc3 Qxc3 33. Bxc3 Re3 34. Rd3 Re7 35. a4 h5 36. Bd2 Re6 37. Bf4 Re1+ 38. Kb2 Kf6 39. Rd6+ Re6 40. Rxe6+ Kxe6 41. b4 Kd5 1-0

[Event "Olympiad Women-42"]
[Site "Baku"]
[Date "2016.09.10"]
[Round "8.4"]
[White "Revo, Tatiana"]
[Black "Manar, Khalil"]
[Result "1-0"]
[WhiteElo "2087"]
[BlackElo "1725"]
[PlyCount "145"]
[EventDate "2016.09.02"]
[EventType "team-swiss"]
[EventRounds "11"]
[EventCountry "AZE"]
[SourceTitle "CBM 174 Extra"]
[Source "ChessBase"]
[SourceDate "2016.10.10"]
[SourceVersion "1"]
[SourceVersionDate "2016.10.10"]
[SourceQuality "1"]
[WhiteTeam "Belarus (W)"]
[BlackTeam "Syria (W)"]
[WhiteTeamCountry "BLR"]
[BlackTeamCountry "SYR"]

1. e4 c5 2. Nf3 e6 3. d4 cxd4 4. Nxd4 Nf6 5. Nc3 Nc6 6. Ndb5 d6 7. Bf4 e5 8. Bg5 a6 9. Na3 b5 10. Nd5 Be7 11. Bxf6 Bxf6 12. c4 b4 13. Nc2 a5 14. g3 0-0 15. Bg2 Bg5 16. 0-0 Be6 17. Qd3 Qb8 18. b3 Rd8 19. f4 Bh6 20. Kh1 Qa7 21. Qf3 Nb8 22. Rad1 Na6 23. Qh5 Qb8 24. Nf6+ Kh8 25. f5 Bc8 26. Ng4 Qc7 27. Nxh6 gxh6 28. Qxh6 Nc5 29. Ne3 Bb7 30. Nd5 Bxd5 31. Rxd5 a4 32. Rf4 Qe7 33. f6 Qf8 34. Qxf8+ Rxf8 35. Rf1 axb3 36. axb3 Rfd8 37. Rb1 Ra3 38. Rd2 h6 39. h4 Kh7 40. Kh2 Ra6 41. h5 Rb8 42. Bh3 Kg8 43. Bf5 Rbb6 44. g4 Ra3 45. g5 Nxb3 46. Rg2 Nd4 47. gxh6+ Kh8 48. Rg7 Nxf5 49. exf5 Ra7 50. Rbg1 Rb8 51. h7 Raa8 52. Rxf7 b3 53. Rg8+ Rxg8 54. hxg8Q+ Kxg8 55. Rb7 b2 56. Rxb2 Kf7 57. Rb6 Kxf6 58. Rxd6+ Kxf5 59. h6 Rc8 60. h7 Rh8 61. Rd7 Ke6 62. Rb7 Kd6 63. Kg3 Kc6 64. Rg7 Kc5 65. Kg4 Kxc4 66. Kf5 Kd5 67. Rd7+ Kc6 68. Re7 Kd6 69. Re6+ Kd7 70. Rh6 Ke7 71. Kg6 e4 72. Kg7 e3 73. Kxh8 1-0

[Event "Minsk Bronstein Memorial op"]
[Site "Minsk"]
[Date "2015.02.14"]
[Round "7"]
[White "Podolchenko, Evgeniy"]
[Black "Revo, Tatiana"]
[Result "1-0"]
[WhiteElo "2449"]
[BlackElo "1972"]
[PlyCount "47"]
[EventDate "2015.02.14"]
[EventType "swiss (rapid)"]
[EventRounds "10"]
[EventCountry "BLR"]
[SourceTitle "EXT 2017"]
[Source "ChessBase"]
[SourceDate "2016.10.25"]
[SourceVersion "1"]
[SourceVersionDate "2016.10.25"]
[SourceQuality "1"]

1. Nf3 Nf6 2. b3 g6 3. Bb2 Bg7 4. c4 d6 5. e3 e5 6. Nc3 0-0 7. d4 exd4 8. Nxd4 Bd7 9. Be2 Nc6 10. Nf3 Ne5 11. 0-0 Qe7 12. Rc1 b6 13. Qd2 Bf5 14. Nd4 Bd7 15. Nd5 Qd8 16. Nxf6+ Bxf6 17. f4 Ng4 18. Bxg4 Bxg4 19. Nc6 Qd7 20. Bxf6 Qxc6 21. e4 Qxe4 22. f5 Rfe8 23. Rce1 Be2 24. Rf2 1-0

[Event "BLR-ch U20 Girls"]
[Site "Minsk"]
[Date "2014.05.21"]
[Round "10"]
[White "Kaliadzich, Maryia"]
[Black "Revo, Tatiana"]
[Result "1/2-1/2"]
[WhiteElo "2005"]
[BlackElo "2026"]
[PlyCount "35"]
[EventDate "2014.05.12"]
[EventType "tourn"]
[EventRounds "10"]
[EventCountry "BLR"]
[SourceTitle "CBM 160 Extra"]
[Source "ChessBase"]
[SourceDate "2014.07.01"]
[SourceVersion "1"]
[SourceVersionDate "2014.07.01"]
[SourceQuality "1"]

1. d4 Nf6 2. c4 g6 3. Nc3 Bg7 4. Bg5 c5 5. d5 h6 6. Bh4 Qa5 7. Qc2 d6 8. f3 g5 9. Bf2 b5 10. cxb5 Nxd5 11. Rc1 a6 12. a4 axb5 13. axb5 Nxc3 14. bxc3 Bd7 15. e4 Bxb5 16. Bxb5+ Qxb5 17. Ne2 Qc4 18. 0-0 1/2-1/2

[Event "BLR-ch (Women) 58th"]
[Site "Minsk"]
[Date "2014.01.10"]
[Round "1"]
[White "Stetsko, Lanita"]
[Black "Revo, Tatiana"]
[Result "1-0"]
[WhiteElo "2245"]
[BlackElo "2079"]
[PlyCount "79"]
[EventDate "2014.01.10"]
[EventType "tourn"]
[EventRounds "9"]
[EventCountry "BLR"]
[SourceTitle "CBM 158 Extra"]
[Source "ChessBase"]
[SourceDate "2014.02.28"]
[SourceVersion "1"]
[SourceVersionDate "2014.02.28"]
[SourceQuality "1"]

1. e4 c5 2. Nf3 d6 3. Bb5+ Bd7 4. Bxd7+ Qxd7 5. c4 Nf6 6. Nc3 Nc6 7. d4 cxd4 8. Nxd4 e6 9. 0-0 Be7 10. Nc2 0-0 11. b3 a6 12. a4 Rfd8 13. Ne3 Qc7 14. Bb2 Ne5 15. Kh1 Qc6 16. Qc2 Rac8 17. Rae1 Qb6 18. Ba1 Nc6 19. Rb1 Nb4 20. Qe2 Qc5 21. Rfd1 Qc6 22. Qf3 Rc7 23. Rd2 Rcd7 24. Rbd1 a5 25. h3 Na6 26. Nc2 b6 27. Nd4 Qb7 28. Qg3 g6 29. f3 Nc5 30. Rb1 h5 31. Qe1 Na6 32. Qe3 Nb4 33. Rbd1 d5 34. cxd5 exd5 35. e5 Nh7 36. e6 fxe6 37. Qxe6+ Kg7 38. Nf5+ gxf5 39. Nxd5+ Kf8 40. Nxe7 1-0

[Event "EU-chT (Women) 19th"]
[Site "Warsaw"]
[Date "2013.11.12"]
[Round "5.13"]
[White "Revo, Tatiana"]
[Black "Ragger, Anna Christina"]
[Result "1-0"]
[WhiteElo "2075"]
[BlackElo "2263"]
[PlyCount "59"]
[EventDate "2013.11.08"]
[EventType "team-swiss"]
[EventRounds "9"]
[EventCountry "POL"]
[SourceTitle "EXT 2014"]
[Source "ChessBase"]
[SourceDate "2013.11.20"]
[SourceVersion "1"]
[SourceVersionDate "2013.11.20"]
[SourceQuality "1"]
[WhiteTeam "Belarus (W)"]
[BlackTeam "Austria (W)"]
[WhiteTeamCountry "BLR"]
[BlackTeamCountry "AUT"]

1. e4 c5 2. Nf3 Nc6 3. Bb5 e5 4. 0-0 Bd6 5. c3 Qc7 6. h3 Nge7 7. d4 cxd4 8. cxd4 0-0 9. Nc3 exd4 10. Nxd4 Nxd4 11. Qxd4 Be5 12. Qd3 a6 13. Bc4 b5 14. Bd5 Bb7 15. Rd1 Nxd5 16. Nxd5 Bxd5 17. Qxd5 Rfe8 18. Rb1 Qc2 19. Be3 Bxb2 20. Qxd7 Bf6 21. Rbc1 Qxa2 22. Rd5 h6 23. Rc7 Qb1+ 24. Kh2 Qxe4 25. Qxf7+ Kh8 26. Bxh6 Be5+ 27. f4 Qxd5 28. Bxg7+ Kh7 29. Qh5+ Kg8 30. Qh8# 1-0

[Event "EU-chT (Women) 19th"]
[Site "Warsaw"]
[Date "2013.11.09"]
[Round "2.8"]
[White "Zhukova, Natalia"]
[Black "Revo, Tatiana"]
[Result "1-0"]
[WhiteElo "2466"]
[BlackElo "2075"]
[PlyCount "83"]
[EventDate "2013.11.08"]
[EventType "team-swiss"]
[EventRounds "9"]
[EventCountry "POL"]
[SourceTitle "EXT 2014"]
[Source "ChessBase"]
[SourceDate "2013.11.20"]
[SourceVersion "1"]
[SourceVersionDate "2013.11.20"]
[SourceQuality "1"]
[WhiteTeam "Ukraine (W)"]
[BlackTeam "Belarus (W)"]
[WhiteTeamCountry "UKR"]
[BlackTeamCountry "BLR"]

1. d4 Nf6 2. c4 g6 3. Nc3 Bg7 4. e4 d6 5. Nf3 0-0 6. Be2 e5 7. 0-0 Nc6 8. d5 Ne7 9. b4 Nh5 10. g3 f5 11. Ng5 Nf6 12. Bf3 f4 13. c5 a5 14. cxd6 cxd6 15. b5 Ne8 16. Ba3 Nf5 17. exf5 Qxg5 18. fxg6 Qxg6 19. Ne4 Bf5 20. Re1 Rc8 21. Qe2 Nf6 22. Nxd6 e4 23. Nxc8 Rxc8 24. Rac1 Rxc1 25. Rxc1 exf3 26. Qxf3 Qg4 27. Qxg4 Bxg4 28. d6 Nd7 29. Rc8+ Kf7 30. Rc4 Be5 31. gxf4 Be6 32. Rc7 Bd4 33. Rxb7 Bb6 34. Bc1 Ke8 35. Be3 Bd8 36. a3 Bd5 37. Ra7 h5 38. h4 Be4 39. Bd4 Bd5 40. f5 Be4 41. b6 Bxf5 42. Rxa5 1-0

[Event "Minsk op"]
[Site "Minsk"]
[Date "2013.07.21"]
[Round "9"]
[White "Revo, Tatiana"]
[Black "Elkin, Leonid"]
[Result "1/2-1/2"]
[WhiteElo "2071"]
[BlackElo "2181"]
[PlyCount "36"]
[EventDate "2013.07.13"]
[EventType "swiss"]
[EventRounds "9"]
[EventCountry "BLR"]
[SourceTitle "CBM 155 Extra"]
[Source "ChessBase"]
[SourceDate "2013.08.26"]
[SourceVersion "1"]
[SourceVersionDate "2013.08.26"]
[SourceQuality "1"]

1. e4 c5 2. Nf3 d6 3. d4 cxd4 4. Nxd4 Nf6 5. Nc3 Nc6 6. Bg5 e6 7. Qd2 a6 8. 0-0-0 h6 9. Be3 Nxd4 10. Bxd4 b5 11. Bd3 Bb7 12. f3 Be7 13. e5 dxe5 14. Bxe5 0-0 15. Qe3 Qa5 16. a3 Rac8 17. Bd4 Qc7 18. Kb1 Bc5 1/2-1/2

[Event "BLR-ch (Women)"]
[Site "Minsk"]
[Date "2013.01.13"]
[Round "4"]
[White "Ziaziulkina, Nastassia"]
[Black "Revo, Tatiana"]
[Result "1-0"]
[WhiteElo "2364"]
[BlackElo "2057"]
[PlyCount "70"]
[EventDate "2013.01.10"]
[EventType "tourn"]
[EventRounds "9"]
[EventCountry "BLR"]
[SourceTitle "CBM 152 Extra"]
[Source "ChessBase"]
[SourceDate "2013.02.25"]
[SourceVersion "1"]
[SourceVersionDate "2013.02.25"]
[SourceQuality "1"]

1. e4 c5 2. Nf3 d6 3. d4 cxd4 4. Nxd4 Nf6 5. Nc3 a6 6. Bg5 e6 7. f4 h6 8. Bh4 Qb6 9. a3 Be7 10. Bf2 Qc7 11. Qf3 Nbd7 12. 0-0-0 b5 13. Bd3 Nc5 14. g4 Rb8 15. h4 h5 16. g5 Ng4 17. Be1 Bd7 18. Kb1 Qb6 19. f5 Ne5 20. Qf2 Ncxd3 21. cxd3 a5 22. g6 Bf6 23. gxf7+ Kxf7 24. fxe6+ Bxe6 25. Ndxb5 Bg4 26. Qxb6 Rxb6 27. Bf2 Rc6 28. Rd2 Rb8 29. d4 Nf3 30. Rc2 Rcb6 31. a4 Rc8 32. Nd5 Rxc2 33. Kxc2 Rc6+ 34. Kd3 Bd8 35. Bg3 Ke6 1-0